Možnosti a limity bilaterálnej spolupráce Slovenskej republiky a USA diplomová práca

Gespeichert in:
Bibliographische Detailangaben
1. Verfasser: Štiptová, Anna
Körperschaft: Fakulta medzinárodných vzťahov EU. Katedra medzinárodných politických vzťahov
Weitere Verfasser: Futó, Gilbert
Format: Buch
Sprache:Slowakisch
Veröffentlicht: Bratislava 2019
Tags: Tag hinzufügen
Keine Tags, Fügen Sie das erste Tag hinzu!

MARC

LEADER 00000nbm a2200000 4500
001 0257817
005 20191002144456.5
041 0 |a slo 
044 |a SK 
245 1 0 |a Možnosti a limity bilaterálnej spolupráce Slovenskej republiky a USA  |b diplomová práca  |c Anna Štiptová ; školiteľ: Gilbert Futó 
264 1 |a Bratislava  |c 2019 
300 |a 56 s. 
100 1 |a Štiptová, Anna 
700 1 |a Futó, Gilbert 
710 2 |a Fakulta medzinárodných vzťahov EU. Katedra medzinárodných politických vzťahov